[Event "Quebec op U2000"]
[Site "Montreal"]
[Date "2016.07.24"]
[Round "2.21"]
[White "Jacques, Simon"]
[Black "Kozlov, Guennadi"]
[Result "1-0"]
[WhiteElo "1625"]
[BlackElo "1747"]
[PlyCount "43"]
[EventDate "2016.07.23"]
[EventType "swiss"]
[EventRounds "8"]
[EventCountry "CAN"]
[SourceTitle "EXT 2022"]
[Source "ChessBase"]
[SourceDate "2021.10.06"]
[SourceVersion "1"]
[SourceVersionDate "2021.10.06"]
[SourceQuality "1"]

1. e4 e6 2. d4 d5 3. Nd2 Nf6 4. e5 Nfd7 5. Bd3 c5 6. c3 Nc6 7. Ne2 Qb6 8. Nf3 cxd4 9. cxd4 Bb4+ 10. Bd2 0-0 11. 0-0 Bxd2 12. Qxd2 f6 13. Nf4 Re8 14. Rfe1 fxe5 15. dxe5 Nf8 16. Nh5 Qd8 17. Qf4 Qe7 18. Ng5 Bd7 19. Nf6+ gxf6 20. exf6 Qb4 21. Qg3 Ng6 22. Nxh7 1-0

[Event "Quebec op U2000"]
[Site "Montreal"]
[Date "2016.07.23"]
[Round "1.50"]
[White "Zhong, Wenxuan"]
[Black "Jacques, Simon"]
[Result "1-0"]
[WhiteElo "1821"]
[BlackElo "1625"]
[PlyCount "51"]
[EventDate "2016.07.23"]
[EventType "swiss"]
[EventRounds "8"]
[EventCountry "CAN"]
[SourceTitle "EXT 2022"]
[Source "ChessBase"]
[SourceDate "2021.10.06"]
[SourceVersion "1"]
[SourceVersionDate "2021.10.06"]
[SourceQuality "1"]

1. e4 e6 2. d4 d5 3. e5 c5 4. c3 Nc6 5. Nf3 Qb6 6. Bd3 cxd4 7. cxd4 Bb4+ 8. Nc3 Bd7 9. Bc2 Rc8 10. 0-0 Be7 11. a3 Bd8 12. Rb1 Nge7 13. Re1 h6 14. Be3 0-0 15. Qd3 f5 16. exf6 Rxf6 17. Ne5 Be8 18. Qh7+ Kf8 19. Ng4 Bg6 20. Bxg6 Rxg6 21. Nxh6 gxh6 22. Bxh6+ Ke8 23. Nxd5 Qxd4 24. Nf4 Ne5 25. Qh8+ Ng8 26. Nxg6 1-0

[Event "Montreal Juste pour jouer"]
[Site "Montreal"]
[Date "2012.10.06"]
[Round "3.25"]
[White "Zhou, Jiehan"]
[Black "Jacques, Simon"]
[Result "1-0"]
[WhiteElo "1811"]
[BlackElo "1429"]
[PlyCount "25"]
[EventDate "2012.10.05"]
[EventType "swiss"]
[EventRounds "7"]
[EventCountry "CAN"]
[SourceTitle "EXT 2022"]
[Source "ChessBase"]
[SourceDate "2021.10.06"]
[SourceVersion "1"]
[SourceVersionDate "2021.10.06"]
[SourceQuality "1"]

1. e4 c5 2. Nf3 Nc6 3. d4 cxd4 4. Nxd4 e5 5. Nb5 Nf6 6. N1c3 Bb4 7. Nd6+ Bxd6 8. Qxd6 a6 9. Bg5 Qe7 10. 0-0-0 h6 11. Bxf6 Qxf6 12. Qxf6 gxf6 13. Nd5 1-0